| 000 | 007700000a22002170004500 | ||
|---|---|---|---|
| 020 | _a987557046-X | ||
| 082 | 0 | 4 | _aG 254 N217q |
| 100 | 1 | _aNappa, Mike | |
| 245 | 1 | 0 | _aQuién se llevó mi iglesia? / Mike Nappa ; prólogo por John C. Maxwell |
| 260 | _aBuenos Aires : Peniel | ||
| 300 | _a125 p. | ||
| 500 | _aTítulo original en inglés: who moved my church? | ||
| 501 | _arústico | ||
| 505 | 0 | 0 | _aEl acontecimiento de la ciudad Municipa -- Alicia Salinas recuerda a - Nehemías -- Llega el Mayor -- El eslabón faltante -- Anónimo recoge las piezas |
| 650 | 1 | 4 | _aVIDA CRISTIANA \ IGLESIA \ TEOLOGIA ECLESIAL |
| 001 | 12286 | ||
| 942 | _cBK | ||
| 999 |
_c41311 _d41311 |
||
| 336 |
_atexto _btxt _2rdacontent |
||
| 337 |
_2rdamedia _asin mediación _bn |
||
| 338 |
_2rdacarrier _avolumen _bnc |
||